000 004720000a22001810004500
003 MACL
005 20160120113714.0
008 160120b xxu||||| |||| 00| 0 eng d
040 _aMACL
_cMACL
041 _aEnglish
082 _a150/SIN
100 _aSingh, Arun Kumar
_913820
245 _aThe Comprehensive History Of Psychology
260 _bMotilal Banarsidas Publishing
_c2002
_aDelhi
350 _a245
650 _aPsychology
_933445
942 _cBK
_k150/Sin
_2ddc
999 _c32005
_d32005